Automated experimental complex for research and control of detonation stream at particle spraying; Bulletin of the Tomsk Polytechnic University; Vol. 311, № 2

Bibliografiske detaljer
Parent link:Bulletin of the Tomsk Polytechnic University/ Tomsk Polytechnic University (TPU).— , 2006-2007
Vol. 311, № 2.— 2007.— [P. 120-124]
Hovedforfatter: Eskov A. V.
Andre forfattere: Yakovlev V. I.
Summary:Заглавие с титульного листа
Электронная версия печатной публикации
The opportunity of application of image input system to PC on the basis of PZS with electronic shutter and exposition time 35,5 mks in structure of complex of optical control of particle spraying detonation stream characteristics on installation «Katun-M» has been shown. The results of inspection of particle speeds by the length of their tracks on image, dynamics of gas fuse formation at the initial moment of stream occurrence on section of installation shaft and root angle of the stream are given
Sprog:engelsk
Udgivet: 2007
Serier:Mathematics and mechanics.Physics
Fag:
Online adgang:http://www.lib.tpu.ru/fulltext/v/Bulletin_TPU/2007/v311eng/i2/31.pdf
Format: Electronisk Book Chapter
KOHA link:https://koha.lib.tpu.ru/cgi-bin/koha/opac-detail.pl?biblionumber=182953

MARC

LEADER 00000nla2a2200000 4500
001 182953
005 20231031171430.0
035 |a (RuTPU)RU\TPU\book\198326 
035 |a RU\TPU\book\198117 
090 |a 182953 
100 |a 20100629d2007 k y0rusy50 ca 
101 1 |a eng  |c rus 
102 |a RU 
135 |a drnn ---uucaa 
200 1 |a Automated experimental complex for research and control of detonation stream at particle spraying  |b Electronic resource  |f A. V. Eskov, V. I. Yakovlev 
203 |a Text  |c electronic 
215 |a 1 файл (1.3 Мб) 
225 1 |a Mathematics and mechanics.Physics 
230 |a Электронные текстовые данные (1 файл : 1.3 Мб) 
300 |a Заглавие с титульного листа 
300 |a Электронная версия печатной публикации 
320 |a [Bibliography: p. 124 (14 titles)] 
330 |a The opportunity of application of image input system to PC on the basis of PZS with electronic shutter and exposition time 35,5 mks in structure of complex of optical control of particle spraying detonation stream characteristics on installation «Katun-M» has been shown. The results of inspection of particle speeds by the length of their tracks on image, dynamics of gas fuse formation at the initial moment of stream occurrence on section of installation shaft and root angle of the stream are given 
337 |a Adobe Reader 
461 1 |0 (RuTPU)RU\TPU\book\169973  |t Bulletin of the Tomsk Polytechnic University  |f Tomsk Polytechnic University (TPU)  |d 2006-2007 
463 1 |0 (RuTPU)RU\TPU\book\197892  |x 1684-8519  |t Vol. 311, № 2  |v [P. 120-124]  |d 2007  |p 153 p. 
610 1 |a experimental complex 
610 1 |a automated complex 
610 1 |a detonation streams 
610 1 |a spraying 
610 1 |a images 
610 1 |a PC 
610 1 |a electronic shutter 
610 1 |a optical control 
610 1 |a tracks 
610 1 |a gas fuses 
610 1 |a электронный ресурс 
675 |a 53.082.5  |v 3 
700 1 |a Eskov  |b A. V. 
701 1 |a Yakovlev  |b V. I. 
801 1 |a RU  |b 63413507  |c 20090623  |g PSBO 
801 2 |a RU  |b 63413507  |c 20160128  |g PSBO 
856 4 |u http://www.lib.tpu.ru/fulltext/v/Bulletin_TPU/2007/v311eng/i2/31.pdf 
942 |c CF